| 000 | 00684nam a2200217 4500 | ||
|---|---|---|---|
| 001 | 136376 | ||
| 003 | ES-MaACL | ||
| 005 | 20250804063425.0 | ||
| 007 | t| | ||
| 008 | 070214s1945 sp r ||||1| spa d | ||
| 100 | 1 |
_aSackville-West, Vita, _d1892-1962 _9241527 |
|
| 245 | 1 | 0 |
_aSanta Juana de Arco / _cVita Sackville-West ; traducción del inglés por M. Bosch Barrett. |
| 250 | _a1ª. ed. | ||
| 260 |
_aBarcelona : _bEd. Lauro, _c1945. |
||
| 300 |
_a357 p., 1 lám. ; _c20 cm. |
||
| 490 | 1 | _aLa vida perdurable | |
| 700 | 1 |
_aBosch Barrett, Manuel. _930649 |
|
| 830 | 0 |
_aLa vida perdurable _9187035 |
|
| 852 |
_aES-MaACL _jF-16289 _bR.21308 |
||
| 999 |
_c136376 _d136376 |
||